All Godzilla and King Kong Movies! - Statistics

General Stats
  • This quiz has been taken 93 times
    49 since last reset
  • The average score is 29 of 53
Answer Stats
Year Film % Correct
1933 King Kong
100%
1976 King Kong
100%
2005 King Kong
100%
1954 Godzilla
97%
1998 Godzilla
97%
2014 Godzilla
97%
2021 Godzilla V.S Kong
82%
2019 Godzilla: King of the Monsters
79%
2023 Godzilla: Minus One
73%
1955 Godzilla Raids Again
73%
1974 Godzilla V.S. Mechagodzilla
73%
1962 King Kong V.S. Godzilla
73%
1933 Son of Kong
70%
2024 Godzilla x Kong: The New Empire
67%
2017 Kong: Skull Island
67%
1961 Mothra
67%
2016 Shin Godzilla
67%
1972 Godzilla V.S. Gigan
61%
1973 Godzilla V.S. Megalon
61%
1967 King Kong Escapes
61%
1975 Terror of Mechagodzilla
61%
2004 Godzilla: Final Wars
58%
1971 Godzilla V.S. Hedorah
58%
1992 Godzilla V.S. Mothra
58%
1994 Godzilla V.S. SpaceGodzilla
58%
1964 Mothra V.S. Godzilla
58%
1989 Godzilla V.S. Biollante
55%
1986 King Kong Lives
55%
1956 Rodan
55%
1967 Son of Godzilla
55%
1966 Ebirah, Horror of the Deep
52%
1964 Ghidorah, the Three-Headed Monster
52%
2002 Godzilla Against Mechagodzilla
52%
1991 Godzilla V.S. King Ghidorah
52%
1969 All Monsters Attack
45%
2018 Godzilla: The Planet Eater
45%
2003 Godzilla: Tokyo S.O.S.
45%
1995 Godzilla V.S. Destoroyah
45%
1984 The Return of Godzilla
45%
1993 Godzilla V.S. Mechagodzilla II
42%
2000 Godzilla V.S. Megaguirus
42%
2001 Godzilla, Mothra and King Ghidorah: Giant Monsters All-Out Attack
39%
2017 Godzilla: Planet of the Monsters
39%
2018 Godzilla: City on the Edge of Battle
36%
1999 Godzilla 2000: Millennium
27%
1996 Rebirth of Mothra
27%
1998 The Mighty Kong
21%
2005 Kong: King of Atlantis
18%
1997 Rebirth of Mothra II
18%
1998 Rebirth of Mothra III
18%
2006 Kong: Return to the Jungle
15%
1968 Destory All Monsters
9%
1965 Invasion of Astro-Montser
6%
No matching quizzes found
Score Distribution
Percent of People with Each Score
Percentile by Number Answered
Your Score History
You have not taken this quiz since the last reset